000 00649nam a22002537a 4500
003 UA-OsUOA
001 32905
007 ta
008 20050216b un ||||| |||| 00| 0 ukr d
100 _aВасиленко В.О.
090 _a338.24(075.8)
_bВ19
942 _cBK
040 _aUA-OsUOA
_bukr
_cUA-OsUOA
_dUA-OsUOA
245 _aАнтикризове управління підприємством
_bНавч. посібник
300 _a504 с.
955 _a0
041 _aukr
080 _a338.24(075.8)
020 _a966-8253-16-7
260 _aКиїв
_bЦУЛ
_c2003
044 _aUA
650 7 _2UDC
999 _c319358
_d319358